Stories from Kalidas. (Record no. 76648)

MARC details
000 -LEADER
fixed length control field 00654cam a22002531 4500
001 - CONTROL NUMBER
control field sa 67007522
003 - CONTROL NUMBER IDENTIFIER
control field DLC
005 - DATE AND TIME OF LATEST TRANSACTION
control field 20260227112416.0
008 - FIXED-LENGTH DATA ELEMENTS--GENERAL INFORMATION
fixed length control field 870829s1966 ii a 000 1 eng
010 ## - LIBRARY OF CONGRESS CONTROL NUMBER
LC control number sa 67007522
025 ## - OVERSEAS ACQUISITION NUMBER
Overseas acquisition number PL480:I-E-7428
035 ## - SYSTEM CONTROL NUMBER
System control number (OCoLC)16595221
040 ## - CATALOGING SOURCE
Original cataloging agency DLC
Transcribing agency WaU
Modifying agency DLC
041 1# - LANGUAGE CODE
Language code of text/sound track or separate title eng
Language code of original und
042 ## - AUTHENTICATION CODE
Authentication code premarc
050 00 - LIBRARY OF CONGRESS CALL NUMBER
Classification number PK3795.E5
Item number M8
082 ## - DEWEY DECIMAL CLASSIFICATION NUMBER
Classification number 823
100 0# - MAIN ENTRY--PERSONAL NAME
Personal name Kālidāsa.
245 10 - TITLE STATEMENT
Title Stories from Kalidas.
Statement of responsibility, etc. [Translated by] Raghunath Mullick.
250 ## - EDITION STATEMENT
Edition statement [1st ed.]
260 ## - PUBLICATION, DISTRIBUTION, ETC.
Place of publication, distribution, etc. Calcutta,
Name of publisher, distributor, etc. M.C. Sarkar
Date of publication, distribution, etc. [1966]
300 ## - PHYSICAL DESCRIPTION
Extent 217 p.
Other physical details illus.
Dimensions 23 cm.
700 1# - ADDED ENTRY--PERSONAL NAME
Personal name Mullick, Raghunath,
Relator term tr.

No items available.

Powered by Koha